Statistics for Countries controlled by the Dutch empire

Click here to take the quiz!

General Stats

  • This quiz has been taken 458 times
  • The average score is 8 of 13

Answer Stats

Answer% Correct
Indonesia
91%
Belgium
85%
Suriname
82%
Netherlands
75%
United States of America
75%
South Africa
70%
Luxembourg
69%
India
57%
Brazil
51%
Guyana
45%
Sri Lanka
42%
Ghana
32%
Taiwan
26%

Score Distribution

Percentile by Number Answered

Percent of People with Each Score

Your Score History

You have not taken this quiz